Ψηφιακές απεικονίσεις αρχαιολογικών και ιστορικών μνημείων : διπλωματική εργασία [πτυχιακή εργασία]

Αποθηκεύτηκε σε:
Λεπτομέρειες βιβλιογραφικής εγγραφής
Κύριος συγγραφέας: Κολτούκη, Ευδοκία
Συγγραφή απο Οργανισμό/Αρχή: Πανεπιστήμιο Αιγαίου Σχολή Ανθρωπιστικών Επιστημών Τμήμα Μεσογειακών Σπουδών
Μορφή: Thesis Βιβλίο
Γλώσσα:Greek
Δημοσίευση: 2017.
Θέματα:
Διαθέσιμο Online:http://hdl.handle.net/11610/23496
Ετικέτες: Προσθήκη ετικέτας
Δεν υπάρχουν, Καταχωρήστε ετικέτα πρώτοι!

MARC

LEADER 00000cam a2200000 a 4500
001 1/114448
008 170713s2017####gr | ||| |||| ||gre||
040 |a GR-MyUa  |b gre  |c GR-MyUa  |e AACR2 
041 0 |a gre 
082 7 |a 363.69   |2 (23) 
100 1 |a Κολτούκη, Ευδοκία. 
245 1 0 |a Ψηφιακές απεικονίσεις αρχαιολογικών και ιστορικών μνημείων :   |b διπλωματική εργασία [πτυχιακή εργασία] /   |c Κολτούκη Ευδοκία ; επιβλέπων καθηγητής: Λυριτζής Ιωάννης.  
260 |c 2017.  
300 |a 64 σ. :   |b εικ. ;   |c 30 εκ.  
500 |a Υπάρχει ψηφιακό αντίγραφο.  
502 |a Πτυχιακή εργασία – Πανεπιστήμιο Αιγαίου, Ρόδος, 2017. 
504 |a Βιβλιογραφία: σ. 60-64.  
506 1 |a Πλήρες κείμενο - Ενδοπανεπιστημιακή δημοσίευση - Κλειδωμένη η δυνατότητα αντιγραφής του κειμένου.  
650 0 |a Antiquities  |x Collection and preservation. 
650 0 |a Technology and civilization. 
650 0 |a Cultural property  |x Technological innovations. 
650 0 |a Museum techniques. 
700 1 |a Λυριτζής, Ιωάννης,  |e dgs 
710 2 |a Πανεπιστήμιο Αιγαίου  |b Σχολή Ανθρωπιστικών Επιστημών  |b Τμήμα Μεσογειακών Σπουδών. 
852 |a INST  |b RHODES  |c DIATR  |e 20170713  |h 363.69 ΚΟΛ  |p 005400039374  |q 005400039374  |t DIE  |y 23 
856 |u http://hdl.handle.net/11610/23496 
924 |a Κολτούκη   |b Ευδοκία   |y Ρόδος  |z 2017-04  
970 |z 13-07-2017